000 00796nam a2200193Ii 4500
003 JO-AjNU
008 230605s9999||||xx |||||||||||||| ||und||
040 _aJO-AjNU
_bara
_erda
_cJO-AjNU
041 _aara
050 1 4 _aBF1448.A7.A4422.2000
100 3 _aراضي،علي عبد الجليل,
_eauthor
_916221
245 0 0 _aالعالم غير المنظور : بحث شامل في الروح والإنسان والموت،قصة الخلق والملائكة والجن والجنة والنار على ضوء احدث النظريات العلمية
264 3 1 _aبيروت:دار يوسف 2000
300 _a289ص
336 _atext
_btxt
_2rdacontent
337 _aunmediated
_bn
_2rdamedia
338 _avolume
_bnc
_2rdacarrier
650 4 _aالغيبيات-الروح-الموت
_916222
999 _aA4759
_c8327
_d8327